000 01819nam a22002777a 4500
001 1362
005 20240627142454.0
020 _a9789995054687
040 _aFISKH
_beng
_cFISKH
_dFISKH
082 _a621.3841
100 _aDary, Heng
245 _aមនុស្សក្នុងវិទ្យុ /
_cនិពន្ធដោយ ហេង ដារី - គូររូបដោយ ម៉ាហ្គេរីតា​ ឌែល បាល់ហ្សូ
250 _aបោះពុម្ពលើកទី៨ មេសា ២០២១
260 _aPhnom Penh :
_bSipar,
_c2021.
300 _a19 pages :
_bcolor illustrations ;
_c24 cm
490 _aរឿងដំបូងៗ
505 _aP
520 _aរៀងរាល់ល្ងាច អាញ៉ាញ់ចូលចិត្តស្ដាប់វិទ្យុជាមួយក្រុមគ្រួសាររបស់នាង។ នាងជឿជាក់ថា​ មានមនុស្សតូចៗរស់នៅក្នុងវិទ្យុ ហើយនាងចាត់ទុកពួកគេដូចជាមិត្តភក្តិ។ នាងសង្ឃឹមថានឹងបានជួបពួកគេក្នុងថ្ងៃណាមួយ។
520 _aEvery evening, Ah Nhanh likes to listen to the radio with her family. She believes that there are little people living in the radio and she treats them like friends. She hopes to meet them one day.
521 _a600
_bLexile estimate
521 _aP
_bRaz-Plus
650 _aមិត្តភក្តិ
_vចូលចិត្តស្ដាប់
_xមនុស្សតូចៗ
650 _aFriends
_vLike to listen
_xSmall people
700 _aBalxu Margarita Del
_cillustrator
942 _2ddc
_cBK
_n0
999 _c1362
_d1362